[Event "WM Moskau"]
[Site "?"]
[Date "1984.??.??"]
[Round "22"]
[White "Kasparov, Gary"]
[Black "Karpov, Anatoly"]
[Result "1/2-1/2"]
[WhiteElo "2710"]
[BlackElo "2700"]
[PlyCount "50"]
[EventDate "1984.??.??"]
[Source "www.chesslib.no"]
[SourceDate "2004.05.04"]

1. d4 Nf6 2. c4 e6 3. g3 d5 4. Bg2 Be7 5. Nf3 O-O 6. O-O dxc4 7. Qc2 a6 8. a4 Bd7 9. Qxc4 Bc6 10. Bg5 a5 11. Nc3 Na6 12. Rac1 Qd6 13. Ne5 Bxg2 14. Kxg2 c6 15. Bxf6 gxf6 16. Nf3 Rfd8 17. Rfd1 Qb4 18. Qa2 Rd7 19. e3 Rad8 20. Rc2 Nc5 21. dxc5 Rxd1 22. Nxd1 Rxd1 23. Rc4 Ra1 24. Rxb4 Rxa2 25. Rxb7 Bxc5 1/2-1/2

[Event "Dortmund"]
[Site "?"]
[Date "1995.??.??"]
[Round "?"]
[White "Piket, Je"]
[Black "Karpov, An"]
[Result "1/2-1/2"]
[WhiteElo "2625"]
[BlackElo "2775"]
[PlyCount "133"]
[EventDate "1995.??.??"]
[Source "ChessBase"]
[SourceDate "1995.06.01"]

1. d4 Nf6 2. c4 e6 3. g3 d5 4. Nf3 Be7 5. Bg2 O-O 6. O-O dxc4 7. Qc2 a6 8. Qxc4 b5 9. Qc2 Bb7 10. Bd2 Be4 11. Qc1 Bb7 12. Bf4 Nd5 13. Nc3 Nxf4 14. Qxf4 c5 15. dxc5 Bxc5 16. Rac1 Qe7 17. Rfd1 Ra7 18. Ne4 Bxe4 19. Qxe4 Rc7 20. b4 Bd6 21. Rxc7 Bxc7 22. h4 h6 23. e3 Rd8 24. Rxd8+ Qxd8 25. Nd4 Qd6 26. Qb7 g6 27. Nc6 Nxc6 28. Bxc6 a5 29. bxa5 Bxa5 30. Bxb5 Qb6 31. Qa8+ Kg7 32. a4 Bc3 33. Qc8 Ba5 34. Qc4 Qd6 35. Qe4 Bc3 36. Qb7 Qd1+ 37. Kh2 Qc2 38. Kg2 Be1 39. Qf3 Qb2 40. Be8 Qf6 41. Qe2 Ba5 42. Qc4 Qb2 43. Qf4 Qf6 44. Qe4 Be1 45. Qc2 Qd8 46. Qb2+ Qf6 47. Qa2 Ba5 48. Bc6 Qc3 49. Bf3 Qb4 50. Qc2 Qc3 51. Qe2 Qe5 52. Bc6 Qc5 53. Qb2+ Bc3 54. Qb7 Qb4 55. Qa7 Qa5 56. Qd7 Qb4 57. Qa7 Qa5 58. Qb7 Qb4 59. Bb5 Qb2 60. Qa7 Be1 61. e4 Qe5 62. Qe3 Qc3 63. Qa7 Qe5 64. Bc6 g5 65. hxg5 hxg5 66. Qe3 Bb4 67. Qf3 1/2-1/2

[Event "EUR-ASIA m 30'"]
[Site "Batumi"]
[Date "2001.09.18"]
[Round "8"]
[White "Kasimdzhanov, Rustam"]
[Black "Lutz, Christopher"]
[Result "1-0"]
[WhiteElo "2704"]
[BlackElo "2643"]
[PlyCount "123"]
[EventDate "2001.09.17"]
[Source "ChessBase"]
[SourceDate "2001.02.01"]

1. d4 Nf6 2. c4 e6 3. g3 d5 4. Bg2 Be7 5. Nf3 O-O 6. O-O dxc4 7. Qc2 a6 8. Qxc4 b5 9. Qc2 Bb7 10. Bd2 Be4 11. Qc1 Nbd7 12. Ba5 Rc8 13. Nc3 Bxf3 14. Bxf3 Nb6 15. Bxb6 cxb6 16. Qe3 b4 17. Ne4 Nxe4 18. Bxe4 Rc7 19. Rfd1 g6 20. Rac1 Bg5 21. f4 Bf6 22. Rxc7 Qxc7 23. Qd3 b5 24. e3 Qc4 25. Qxc4 bxc4 26. Rc1 Rc8 27. Bb7 Rc7 28. Bxa6 c3 29. bxc3 bxc3 30. Kf2 Be7 31. Ke2 Ra7 32. Bc4 Ra3 33. Bb3 Bb4 34. Kd3 Ra7 35. Kc4 Ba5 36. Bc2 Rb7 37. Rb1 Rb2 38. Rxb2 cxb2 39. a4 Bd2 40. e4 Kf8 41. Kb5 Ke7 42. Kc6 Bc3 43. d5 exd5 44. exd5 Bb4 45. f5 gxf5 46. Bxf5 h6 47. g4 f6 48. h3 Bc3 49. d6+ Kd8 50. Kb5 Be5 51. Kc5 Bc3 52. Kc4 Bd2 53. Kd5 Bc3 54. Ke6 Bb4 55. h4 Be1 56. h5 Bb4 57. Kd5 Bd2 58. Kc5 Bf4 59. d7 Kc7 60. Kd5 b1=Q 61. Bxb1 Kxd7 62. a5 1-0

[Event "Corr"]
[Site "?"]
[Date "2002.01.15"]
[Round "?"]
[White "Elwert Hans-Marcus"]
[Black "Bang Erik BH"]
[Result "1-0"]
[WhiteElo "2687"]
[BlackElo "2658"]
[PlyCount "109"]
[EventDate "2002.??.??"]
[Source "www.chesslib.no"]
[SourceDate "2004.05.04"]

1. d4 Nf6 2. c4 e6 3. Nf3 d5 4. g3 dxc4 5. Bg2 Be7 6. O-O O-O 7. Qc2 a6 8. a4 Bd7 9. Qxc4 Bc6 10. Bg5 Bd5 11. Qc2 Be4 12. Qc1 h6 13. Bxf6 Bxf6 14. Rd1 a5 15. Nbd2 Bxf3 16. Nxf3 c6 17. e3 Na6 18. Qc4 Nb4 19. Nd2 Qb6 20. Rac1 Rfd8 21. Qe2 Rac8 22. h4 Rc7 23. Nc4 Qa7 24. Qh5 b6 25. g4 Nd5 26. g5 hxg5 27. hxg5 g6 28. Qh4 Bg7 29. Qg3 Qb8 30. b3 Ne7 31. Be4 Rcd7 32. Qxb8 Rxb8 33. f4 Nd5 34. Kf2 Rc7 35. Kf3 Nb4 36. Rd2 Nd5 37. Ne5 Rbc8 38. Nd3 c5 39. dxc5 bxc5 40. Rdc2 Bf8 41. Ne5 Nb6 42. Bd3 Bg7 43. Ng4 Kf8 44. Ba6 Ra8 45. Bb5 Rac8 46. e4 Bd4 47. e5 Ke7 48. Rh2 Nd5 49. Rh7 Rf8 50. Rch1 Rcc8 51. R1h6 Rg8 52. Nf6 Nxf6 53. gxf6+ Kf8 54. Bd7 Rb8 55. Rxf7+ 1-0

[Event "Las Palmas (m/5)"]
[Site "?"]
[Date "1994.??.??"]
[Round "?"]
[White "Karpov, An"]
[Black "Morovic Fernandez, I."]
[Result "1-0"]
[WhiteElo "2740"]
[BlackElo "2605"]
[PlyCount "73"]
[EventDate "1994.??.??"]
[Source "ChessBase"]
[SourceDate "1994.02.01"]

1. c4 e6 2. d4 Nf6 3. Nf3 d5 4. g3 Be7 5. Bg2 O-O 6. O-O dxc4 7. Qc2 a6 8. a4 Bd7 9. Qxc4 Bc6 10. Nc3 a5 11. Re1 Ne4 12. Qd3 Nxc3 13. bxc3 Nd7 14. c4 Nb6 15. c5 Nd7 16. Qc2 e5 17. dxe5 Bxf3 18. exf3 Nxc5 19. Rd1 Qe8 20. Be3 b6 21. f4 Rd8 22. f5 f6 23. e6 Bd6 24. Qc4 Kh8 25. Bf3 Qe7 26. Rac1 Qe8 27. Rd4 g6 28. fxg6 Qxg6 29. Rh4 Be7 30. Rh6 Qg7 31. Rh5 Qg6 32. Qg4 Rg8 33. Qh4 Rg7 34. Bh6 Rgg8 35. Be3 Rg7 36. Qh3 Rgg8 37. Bg4 1-0